00814nam a22002177a 450000500170000001000150001702000260003203500140005803700090007208200130008110000280009424500680012225000060019026000410019627000880023730000280032570000330035394200240038699900190041095201670042920250827145053.0 aENG-146550 a9789367134276c580.00 aEN-130082 bDBAD a347.722 aAggarwal, Rashmi984401 aLegal Aspects of Business/cRashmi Aggarwal [and] Rajinder Kaur a2 aNoidabPearson India Educationc2025 a15th Floor, Towe-B, World Trade Tower, Plot No.1, Block-C, Sector-16bNoidae201301 axxviii, 508p.c23cm(pb) aRajinder KaureAuthor984400 2ddccENh347.7mAGG c213185d213185 001040708NFICaLbLd2025-08-27eDelivery of Books Act Divisiong580.00l2m2o347.7 AGGpEN-130082r2026-02-13 00:00:00s2026-01-14t1v580.00w2025-08-27yEN